Subnautica biomes - Statistics

General Stats
  • This quiz has been taken 183 times
  • The average score is 17 of 24
Answer Stats
Depth Answer % Correct
550 - 1000m lost river
89%
0 - 80m safe shallows
89%
0 - 370m crash zone
88%
0 - 160m kelp forest
85%
65 - 400m dunes
82%
1300 - 1500m lava lakes
79%
0 - 500m mountains
79%
900 - 1300m inactive lava zone
78%
140 - 480m bulb zone
77%
150 - 480m grand reef
77%
125 - 200m mushroom forest (eastern)
77%
75 - 250m mushroom forest (western)
77%
150 - 675m blood kelp trench
75%
50 - 170m grassy plateaus
75%
200 - 580m northern blood kelp zone
73%
- floating island
69%
125 - 460m crag field
68%
40 - 310m sparse reef
67%
35 - 500m underwater islands
63%
- mountain island
58%
170 - 360m sea treader's path
57%
180 - 300m jellyshroom caves
55%
0 - 8000m crater edge
52%
425 - 630m deep grand reef
52%
No matching quizzes found
Score Distribution
Percent of People with Each Score
Percentile by Number Answered
Your Score History
You have not taken this quiz